| 000 | 00707nam a2200169 i 4500 | ||
|---|---|---|---|
| 001 | 144513 | ||
| 003 | ES-MaACL | ||
| 005 | 20230906201032.0 | ||
| 007 | t| | ||
| 008 | 200727s1857 sp r ||||1| spa d | ||
| 080 | _a334.71(460.27 M.)(060.55) | ||
| 110 | 2 |
_aSociedad General de Crédito Mobiliario Español. _9164321 |
|
| 245 | 1 | 0 |
_aMemoria presentada por el Consejo de Administración en la Junta General ordinaria de accionistas... 30 de mayo de 1857 / _cSociedad General de Crédito Mobiliario Español. |
| 260 |
_aMadrid : _b[Sociedad General de Crédito Mobiliario Español], _c1857. |
||
| 610 | 2 | 4 |
_aSociedad General de Crédito Mobiliario Español- _vMemorias. _9170199 |
| 852 | 4 |
_aES-MaACL _jT-53-F-7 |
|
| 999 |
_c144513 _d144513 |
||